Rastlinné kmeňové bunky v kozmetike

Gespeichert in:
Bibliographische Detailangaben
1. Verfasser: Kočajdová, Veronika (Verfasst von)
Weitere Verfasser: Hojerová, Jarmila (Betreuung Doktorarbeit)
Format: Manuskript Buch
Sprache:Slowakisch
Veröffentlicht: 2018
Schlagworte:
Online-Zugang:http://is.stuba.sk/zp/portal_zp.pl?podrobnosti=132849
Tags: Tag hinzufügen
Keine Tags, Fügen Sie das erste Tag hinzu!

MARC

LEADER 00000ntm a22000003a 4500
001 stuzp67524
003 SK-STU
005 20180623210551.1
007 ta
008 150427s2015----xo-----f-mn---000-0-slo-d
040 |a STU  |b slo 
041 0 |a slo 
100 1 |a Kočajdová, Veronika  |u 040200  |4 aut  |U FCHPT Fakulta chemickej a potravinárskej technológie  |T FCHPT Ústav potravinárstva a výživy  |X 82146  |U C020  |Y 684  |7 82146 
242 0 1 |a Plant Stem Cells in Cosmetics  |y eng 
245 1 0 |a Rastlinné kmeňové bunky v kozmetike 
260 |c 2018 
650 4 |a kmeňové bunky  |2 slo 
650 4 |a rastliny  |2 slo 
650 4 |a koža  |2 slo 
650 4 |a kozmetika  |2 slo 
650 4 |a starnutie  |2 slo 
650 4 |a Stem Cells  |2 eng 
650 4 |a Plants  |2 eng 
650 4 |a Skin  |2 eng 
650 4 |a Cosmetics  |2 eng 
650 4 |a Aging  |2 eng 
700 1 |a Hojerová, Jarmila  |u 040250  |k Z1  |4 ths  |U FCHPT Ústav potravinárstva a výživy  |T FCHPT Oddelenie potravinárskej technológie  |X 3324  |U C0250  |Y 685  |7 A000003324 
856 4 |u http://is.stuba.sk/zp/portal_zp.pl?podrobnosti=132849